000 00581nam a22001937a 4500
999 _c17552
_d17552
003 AR-CdUCM
008 190401b ||||| |||| 00| 0 spa d
040 _aMUNICIPALIDAD PROVINCIAL DEL CUSCO
_cBIBLIOTECA MUNICIPAL DEL CUSCO
082 _a868.38 /
_bM81
100 _aMolina, Tirso de
_910815
245 _aLa prudencia en la mujer /
260 _aLima :
_bContinental ;
_c1966.
300 _a161 páginas ;
_c18 cm.
440 _aKontinental verlag
_n39
_937633
505 _aContenido: Comedia
650 _aComedia
_92607
942 _2ddc
_cLIBROS
945 _arah
_d09/05/2019